000 00715nam a2200253 a 4500
001 000030500
003 DO-SdBNP
005 20220526130455.0
007 ta
008 110523s2017 dr c 000 p spa d
020 _a9781973206347
040 _aDO-SdBNP
_bspa
_cBNPHU
082 _axxx
_bS437
100 1 _921801
245 1 0 _aSe nos fue poniendo viernes la tarde muestra de narrativa dominicana actual :
_btaller literario narradores de Santo Domingo
260 _aSanto Domingo :
_bUME,
_c2017.
300 _a323 p. :
_bil., . ;
_c24 cm.
490 1 _aTaller Literario César Vallejo
590 _aInventariado, 2022 / DG
830 0 _943666
830 0 _943665
910 _aDG
942 _2ddc
_cLBS1
999 _c51830
_d51830